La industria de la construcción, construcción de urbanizaciones

সংরক্ষণ করুন:
গ্রন্থ-পঞ্জীর বিবরন
প্রধান লেখক: Valverde H., Carlos Manuel
বিন্যাস: গ্রন্থ
প্রকাশিত: [San José , Costa Rica] 1984
বিষয়গুলি:
ট্যাগগুলো: ট্যাগ যুক্ত করুন
কোনো ট্যাগ নেই, প্রথমজন হিসাবে ট্যাগ করুন!

MARC

LEADER 00000nam a2200000Ia 4500
003 004224
005 20221231144352.0
008 140114s1986 cr a m 000 ||s d
040 |c cru CEDI 
090 |a TFG 1905 
100 |a Valverde H., Carlos Manuel  |9 14027 
245 |a La industria de la construcción, construcción de urbanizaciones  
260 |c 1984  |a  [San José , Costa Rica] 
300 |a  [295] hojas : ilustraciones ; 28 cm  
500 |a  Proyecto de graduación (licenciatura en ingeniería civil)--Universidad de Costa Rica. Facultad de Ingeniería. Escuela de Ingeniería Civil 
650 |x INDUSTRIA DE LA CONSTRUCCION  |9 14028 
942 |c TFG 
999 |c 20841  |d 20841